| 000 | 00797nam a22002537a 4500 | ||
|---|---|---|---|
| 003 | dpl | ||
| 005 | 20180703123355.0 | ||
| 008 | 180626b xxu||||| |||| 00| 0 eng d | ||
| 010 | _aB-127930, B-127931 | ||
| 020 |
_c495.00 _a9798172235276 |
||
| 035 | _aB-127930,B-127934 | ||
| 037 | _bBPPD/PUB | ||
| 040 |
_aDPL _bEN _c0 |
||
| 082 |
_a782.0092 _bGEO |
||
| 100 |
_aGeorge,T.J.S. _924249 |
||
| 245 |
_aMS a life in music / _cby T.J.S.George |
||
| 260 |
_a New Delhi _bHarper Collins Publishers _c2004 |
||
| 270 |
_aA-1,Hamilton House Connaught Place _bNew Delhi _e110001 |
||
| 300 |
_a303p. : _c23cm(Hb) _bill. |
||
| 500 | _aIncludes bibliographical reference and index | ||
| 650 |
_aSingers _9141662 |
||
| 650 |
_aWomen singers _924251 |
||
| 942 |
_2ddc _cEN _h782.0092 _mGEO |
||
| 999 |
_c128732 _d128732 |
||